000 00295 a2200145 4500
001 181640
020 _a
040 _cMagnum
100 _aQueiros, Bartolomeu Campos
240 1 0 _aAh ! mar...
_lpor
245 1 0 _aAh ! mar...
362 0 _a1899
697 _aMAGNITO: IJ/GERAL
942 _cBK
999 _c181640
_d181640